| 000 | 00731nam a2200265Ia 4500 | ||
|---|---|---|---|
| 005 | 20260302115659.0 | ||
| 008 | 008 260114s9999 xx 000 0 eng d | ||
| 020 | _a9781350068711 | ||
| 037 | _aTextbook | ||
| 040 | _aCRL | ||
| 040 | _beng | ||
| 040 | _cCRL | ||
| 041 | _2eng | ||
| 041 | _aeng | ||
| 084 | _qCRL | ||
| 100 |
_aMaria Teresa Tatto and Ian Menter _91122322 |
||
| 245 | 0 | _aKnowledge, Policy and Practice in Teacher Education A Cross-National Study | |
| 260 | _bBloomsbury | ||
| 260 | _bBloomsbury Academic | ||
| 260 | _c2019 | ||
| 650 | _aEducation | ||
| 856 | _uhttps://dx.doi.org/10.5040/9781350068711?locatt=label:secondary_bloomsburyCollections | ||
| 942 | _cEBOOK | ||
| 999 |
_c1687097 _d1687097 |
||